Najbardziej wartościowi piłkarze: Hiszpania - Statystyki

Ogólne statystyki
  • Ten quiz został rozwiązany 279 razy
    205 od ostatniego zresetowania
  • Średni wynik to 9 z 20
Statystyki odpowiedzi
Wartość Klub Piłkarz % Poprawnych
64 mln Manchester City Rodri
72%
48 mln Atletico Madryt Koke
63%
40 mln Barcelona Jordi Alba
56%
48 mln Bayern Monachium Thiago
56%
50 mln Barcelona Ansu Fati
55%
72 mln Atletico Madryt Saul Niguez
54%
45 mln Manchester City Ferran Torres
53%
40 mln Manchester United David De Gea
49%
40 mln Real Madryt Dani Carvajal
45%
60 mln Real Sociedad Mikel Oyarzabal
45%
48 mln Napoli Fabian Ruiz
44%
44 mln Lazio Rzym Luis Alberto
44%
40 mln Real Madryt Marco Asensio
43%
40 mln Real Madryt Isco
36%
40 mln Atletico Madryt Marcos Llorente
34%
40 mln Athletic Bilbao Inaki Williams
33%
40 mln Barcelona Sergi Roberto
28%
40 mln Valencia Jose Gaya
24%
40 mln Valencia Carlos Soler
18%
40 mln Valencia Rodrigo
14%
Nie znaleziono quizów pasujących do podanych kryteriów
Rozkład punktacji
Procent ludzi z każdym wynikiem
Percentyl według liczby udzielonych odpowiedzi
Twoja historia wyników
Nie rozwiązałeś tego quizu od ostatniego zresetowania